LIBRARY & INFORMATION CENTRE, KCAET, TAVANUR

ONLINE PUBLIC ACCESS CATALOGUE (OPAC)

Textbook of work physiology : (Record no. 15416)

MARC details
000 -LEADER
fixed length control field 00521cam a2200181 i 4500
020 ## - INTERNATIONAL STANDARD BOOK NUMBER
ISBN 0070024065 :
082 00 - DEWEY DECIMAL CLASSIFICATION NUMBER
Classification number 612.042
Item number AST/TE
100 1# - MAIN ENTRY--AUTHOR NAME
Personal name Åstrand, Per-Olof.
245 10 - TITLE STATEMENT
Title Textbook of work physiology :
250 ## - EDITION STATEMENT
Edition statement 2d ed.
260 ## - PUBLICATION, DISTRIBUTION, ETC. (IMPRINT)
Place of publication New York :
Name of publisher McGraw-Hill,
Year of publication c1977.
300 ## - PHYSICAL DESCRIPTION
Number of Pages xviii, 681 p. :
Other physical details ill. ;
490 0# - SERIES STATEMENT
Series statement McGraw-Hill series in health education, physical education, and recreation
650 #0 - SUBJECT ADDED ENTRY--TOPICAL TERM
Topical Term Work
650 #0 - SUBJECT ADDED ENTRY--TOPICAL TERM
Topical Term Exercise
700 1# - ADDED ENTRY--PERSONAL NAME
Personal name Rodahl, Kåre,
942 ## - ADDED ENTRY ELEMENTS (KOHA)
Koha item type Books
Holdings
Withdrawn status Lost status Damaged status Collection code Home library Current library Date acquired Source of acquisition Cost, normal purchase price Full call number Accession Number Koha item type
      General Books KAUAET KAUAET 31/03/2018 Vigyan Books 4411.42 612.042 AST/TE 25719 Books
free website counter